[Event "Est ch 2020 U16"]
[Site "Narva"]
[Date "2020.02.28"]
[Round "4.4"]
[White "Mikko, Rondo"]
[Black "Olde, Karl Erik"]
[Result "0-1"]
[WhiteElo "1542"]
[BlackElo "1752"]
[PlyCount "98"]
[EventDate "2020.02.27"]
[EventCountry "EST"]
[SourceVersionDate "2020.03.16"]

1. Nf3 Nf6 2. g3 e6 3. Bg2 d5 4. d4 Be7 5. O-O O-O 6. c4 dxc4 7. Nbd2 c6 8.
Nxc4 b6 9. Bg5 h6 10. Bxf6 Bxf6 11. Rc1 Bb7 12. e4 Na6 13. e5 Be7 14. Qe2 Nb4
15. a3 Nd5 16. Nfd2 Rc8 17. Ne3 c5 18. Nxd5 Bxd5 19. dxc5 Bxg2 20. Kxg2 Rxc5
21. Rxc5 Bxc5 22. Rd1 Qa8+ 23. Ne4 Rd8 24. Rxd8+ Qxd8 25. Nxc5 bxc5 26. Qc4 Qc7
27. f4 Qb7+ 28. Kg1 Qxb2 29. Qxc5 Qb1+ 30. Kg2 Qe4+ 31. Kf2 Qb7 32. Qd4 Qe7 33.
a4 Qb7 34. a5 Qc7 35. a6 g6 36. Qd6 Qxd6 37. exd6 Kf8 38. Ke3 Ke8 39. Kd4 f6
40. Kc4 Kd7 41. Kc5 h5 42. h3 g5 43. fxg5 fxg5 44. h4 g4 45. Kd4 Kxd6 46. Ke4
e5 47. Kf5 Kd5 48. Kg5 e4 49. Kxh5 e3 0-1

[Event "Est ch 2020 U16"]
[Site "Narva"]
[Date "2020.02.28"]
[Round "4.5"]
[White "Padari, Tuudur Jakob"]
[Black "Pedmanson, Albert"]
[Result "0-1"]
[WhiteElo "1256"]
[BlackElo "1736"]
[PlyCount "118"]
[EventDate "2020.02.27"]
[EventCountry "EST"]
[SourceVersionDate "2020.03.16"]

1. e4 e5 2. Nc3 Nc6 3. Nf3 Nf6 4. Bb5 Nd4 5. Nxd4 exd4 6. Ne2 Nxe4 7. Nxd4 Be7
(7... Bc5) 8. O-O O-O 9. c3 d5 10. Nf3 c6 11. Ba4 Bg4 12. d4 Bg5 13. Qd3 Bxc1
14. Rfxc1 Qf6 15. Bc2 (15. Bd1 Rfe8) 15... Bxf3 16. Qxf3 Qxf3 17. gxf3 Nd6 18.
Re1 Rfe8 19. Bd3 Rxe1+ 20. Rxe1 Re8 21. Re3 g6 22. b3 f5 23. f4 Ne4 24. Bxe4
Rxe4 25. Rxe4 fxe4 {Nonii, etturilõppmäng. Lihtne? Nonoh...} 26. f3 exf3 27.
Kf2 Kf7 28. Kxf3 Kf6 29. Kg4 h5+ 30. Kf3 Kf5 31. h3 b6 32. c4 (32. b4 b5 33.
Ke3 {järel pole viigis kahtlust - valge ettur h3 kaitseb ära välja, kust
must kuningas võiks sisse tungida.} g5 34. fxg5 Kxg5 35. Kf3) 32... Ke6 33.
Kg3 ({Tsentris püsides poleks mustal erilisi lootusi edule. Proovime seisu
segaseks ajada... jah, segadusi on võimalik tekitada, kuid seejärel tuleb
segadused ka likvideerida ja viik teha.} 33. Ke3 dxc4 34. bxc4 b5 35. Kd3 a5
36. h4 (36. d5+ Kd6 37. Kd4 (37. dxc6 b4 38. c5+ Kxc6 39. Kc4 h4) 37... c5+ 38.
Kd3 bxc4+ 39. Kxc4 a4 40. h4 a3 41. Kb3 Kxd5 42. Kxa3 Kc4 43. Kb2 Kd3 44. a4 c4
(44... Kd2 45. Kb3 Kd3 46. Kb2) (44... Kc4 45. Ka3 Kd3 46. Kb2) 45. Kc1) 36...
b4 37. Ke4 a4 38. Kd3 Kf5 39. d5 c5) 33... c5 ({Võitis} 33... dxc4 34. bxc4 b5
35. cxb5 cxb5 36. Kh4 {ja nüüd täpne käik} Kf6 ({Üksnes viik tuleb pärast
} 36... b4 37. Kg5 a5 (37... Kf7 38. f5 gxf5 39. Kxf5 a5 40. Ke4 Ke6 41. d5+
Kd6 42. Kd4 a4 43. Kc4 b3 44. axb3 a3 45. Kc3 Kxd5 46. b4 a2 47. Kb2 Kc4 48.
Kxa2 Kxb4) 38. Kxg6 Ke7 39. f5 Kf8 40. d5 a4 41. d6 b3 42. d7 Ke7 43. axb3 axb3
44. f6+ Kxd7 45. f7 b2 46. f8=Q b1=Q+ 47. Kxh5 (47. Qf5+ Qxf5+ 48. Kxf5) 47...
Qd1+) 37. d5 b4 38. d6 a5 (38... Ke6 39. Kg5 a5 40. Kxg6 a4 41. f5+ Kd7 42. f6
b3 43. f7 bxa2 (43... b2 44. f8=Q b1=Q+ 45. Kg5) 44. f8=Q a1=Q 45. Qe7+ Kc6 46.
Qc7+ Kb5 47. d7) 39. d7 Ke7 40. Kg5 a4 41. Kxg6 b3 42. axb3 axb3 43. f5 b2 44.
f6+ Kxd7 45. f7 b1=Q+ {Täpselt õigel ajal ja tulega.. ka must kuningas on
meeldivalt lähedal.}) 34. dxc5 bxc5 35. Kf3 d4 36. Ke4 Kd6 37. b4 {
Valearvestus. Viigi tegi} (37. a3 a5 ({Kuhugi ei vii} 37... a6 38. b4 Kc6 39.
h4 a5 (39... Kd6 40. bxc5+ Kxc5 41. Kd3 a5 42. a4 Kb4 43. Kxd4 Kxa4 44. Kc3)
40. b5+ Kd6) 38. b4 cxb4 39. axb4 axb4 40. Kxd4 h4 41. c5+ Kc6 42. Kc4 b3 43.
Kxb3 Kxc5 44. Kc3) 37... cxb4 38. Kxd4 h4 ({Võitsid ka} 38... Kc6) (38... a5 {
kuid kaotas}) (38... a6 39. c5+ Kc6 40. Kc4 a5 41. h4) 39. c5+ Kc6 40. Kc4 a5
41. Kd4 a4 42. Kc4 b3 43. axb3 a3 ({Võidu laseb käest} 43... axb3 44. Kxb3
Kxc5 45. Kc3) 44. Kc3 Kxc5 45. b4+ Kb5 46. Kb3 a2 47. Kxa2 Kxb4 48. Kb2 Kc4 49.
Kc2 Kd4 50. Kd2 ({Väikese ülesande oleks musta ette seadnud} 50. f5 gxf5 51.
Kd2 Ke4 52. Ke2 f4 53. Kf2 f3 54. Kf1 {ja nüüd peab kuningas tegema kolmnurga
} Kf5 55. Ke1 Ke5 56. Kf1 Ke4 57. Ke1 (57. Kf2 Kf4 58. Kf1 Kg3 59. Kg1 Kxh3)
57... Ke3 58. Kf1 f2) 50... Ke4 51. Ke2 ({Eelmises märkuses mainitud
ülesande pidanuks must lahendama pärast} 51. f5 gxf5 52. Ke2 f4 53. Kf2 f3
54. Kf1 Kf5 55. Ke1 Ke5 56. Kf1 Ke4 57. Kf2 (57. Ke1 Ke3 58. Kf1 f2 59. Kg2 Ke2
) 57... Kf4 58. Kf1 Kg3) 51... Kxf4 52. Kf2 g5 53. Kg2 Ke3 54. Kg1 Kf3 55. Kh2
Kf2 56. Kh1 Kg3 57. Kg1 Kxh3 58. Kh1 Kg3 59. Kg1 g4 0-1

[Event "Est ch 2020 U16"]
[Site "Narva"]
[Date "2020.02.28"]
[Round "4.6"]
[White "Pomaznjov, Aleksei"]
[Black "Rikas, Artur"]
[Result "0-1"]
[WhiteElo "1179"]
[BlackElo "1566"]
[PlyCount "42"]
[EventDate "2020.02.27"]
[EventCountry "EST"]
[SourceVersionDate "2020.03.16"]

1. e4 e6 2. d4 d5 3. e5 c5 4. Nf3 cxd4 5. Nxd4 Nc6 6. Bb5 Bd7 7. Bxc6 bxc6 8.
Nc3 c5 9. Nb3 Qb6 10. O-O Ne7 11. Na4 Bxa4 12. Be3 Nf5 13. Qf3 Bxb3 14. axb3
Be7 15. Qg4 O-O 16. Bg5 Bxg5 17. Qxg5 Nd4 18. Rac1 Ne2+ 19. Kh1 Nxc1 20. Rxc1
c4 21. h4 Qxf2 0-1

[Event "Est ch 2020 U16"]
[Site "Narva"]
[Date "2020.02.28"]
[Round "4.7"]
[White "Andrijashkin, Deniss"]
[Black "Mertins, Ostap"]
[Result "1-0"]
[WhiteElo "1946"]
[BlackElo "1375"]
[PlyCount "89"]
[EventDate "2020.02.27"]
[EventCountry "EST"]
[SourceVersionDate "2020.03.16"]

1. e4 c5 2. Ne2 d6 3. g3 b6 4. Bg2 Bb7 5. Nbc3 e6 6. d4 cxd4 7. Nxd4 a6 8. O-O
Qc7 9. Be3 Nd7 10. f4 Ngf6 11. f5 e5 12. Nb3 Nc5 13. Nxc5 dxc5 14. a4 Be7 15.
h3 Rd8 16. Qe2 O-O 17. g4 h6 18. Qf2 Bc6 19. b4 Qb7 20. b5 Bd7 21. Qg3 Bc8 22.
h4 Nh7 23. g5 Kh8 24. Nd5 Bd6 25. gxh6 gxh6 26. Bxh6 Rg8 27. Qf3 f6 28. Kh1 Bf8
29. Be3 Rd7 30. Bh3 Rdg7 31. Bf2 Bd7 32. bxa6 Qxa6 33. Rfb1 Bc6 34. Rxb6 Qa8
35. Nc3 Ra7 36. a5 Rxa5 37. Rxa5 Qxa5 38. Rxc6 Bh6 39. Rxc5 Qa1+ 40. Qd1 Qa8
41. Nd5 Rd8 42. Qe1 Bf8 43. Rb5 Qa4 44. Rb3 Rc8 45. Nb6 1-0

[Event "Est ch 2020 U16"]
[Site "Narva"]
[Date "2020.02.28"]
[Round "4.8"]
[White "Nikitin, Arseni"]
[Black "Naestema, Joonas Aditya"]
[Result "1-0"]
[WhiteElo "1680"]
[BlackElo "1341"]
[PlyCount "67"]
[EventDate "2020.02.27"]
[EventCountry "EST"]
[SourceVersionDate "2020.03.16"]

1. e4 d5 2. exd5 Nf6 3. d4 Nxd5 4. c4 Nb6 5. Nc3 g6 6. Be3 Bg7 7. Rc1 O-O 8.
Be2 Nc6 9. Nf3 Bg4 10. d5 Bxf3 11. Bxf3 Ne5 12. b3 Nxf3+ 13. Qxf3 Qd6 14. c5
Bxc3+ 15. Rxc3 Qe5 16. Rd3 Nd7 17. O-O Nf6 18. Bf4 Qb2 19. Bxc7 Rac8 20. d6
exd6 21. cxd6 Nd7 22. Re3 b6 23. Qc6 Nb8 24. Qd5 Na6 25. d7 Nxc7 26. dxc8=Q
Nxd5 27. Re8 Rxe8 28. Qxe8+ Kg7 29. Qa8 Nf4 30. Qxa7 Qd4 31. Qb7 Qd3 32. Qf3
Ne2+ 33. Kh1 Ng3+ 34. fxg3 1-0

[Event "Est ch 2020 U16"]
[Site "Narva"]
[Date "2020.02.28"]
[Round "4.9"]
[White "Nazarov, Vladislav"]
[Black "Sadekov, Maksim"]
[Result "0-1"]
[WhiteElo "1546"]
[BlackElo "1664"]
[PlyCount "70"]
[EventDate "2020.02.27"]
[EventCountry "EST"]
[SourceVersionDate "2020.03.16"]

1. c4 e6 2. Nc3 b6 3. Nf3 Bb7 4. g3 f5 5. Bg2 Nf6 6. O-O Be7 7. d3 O-O 8. a3 a5
9. Bf4 d6 10. d4 Ne4 11. Qc2 Bf6 12. Rad1 Nd7 13. Nxe4 Bxe4 14. Qc1 Qe7 15. Bg5
Rae8 16. Bxf6 Qxf6 17. Qg5 Qf7 18. Ne1 Nf6 19. Bxe4 Nxe4 20. Qe3 e5 21. d5 Qg6
22. Ng2 Ng5 23. Nh4 Qh5 24. Nf3 f4 25. Qc3 e4 (25... Nh3+ 26. Kg2 e4 27. Nh4
Ng5 28. f3 exf3+ 29. exf3 Re2+ 30. Rf2 Rxf2+ 31. Kxf2 fxg3+ 32. hxg3 (32. Kxg3
Rxf3+ 33. Nxf3 Ne4+) 32... Ne4+) 26. Nxg5 Qxg5 27. Kh1 f3 28. exf3 exf3 29. h4
Qf5 30. Kh2 Re2 31. Rd2 h6 32. b3 Re4 33. Rd4 Qe5 34. Rd3 Rxh4+ 35. Kg1 Qh5 0-1

[Event "Est ch 2020 U16"]
[Site "Narva"]
[Date "2020.02.28"]
[Round "4.10"]
[White "Pedmanson, Herman"]
[Black "Makarov, Gleb"]
[Result "1-0"]
[WhiteElo "1741"]
[BlackElo "1275"]
[PlyCount "59"]
[EventDate "2020.02.27"]
[EventCountry "EST"]
[SourceVersionDate "2020.03.16"]

1. e4 c6 2. d4 d5 3. exd5 cxd5 4. Bd3 Nc6 5. c3 Nf6 6. Bf4 e6 7. Nf3 Bd6 8. Bg3
a6 9. O-O b5 10. Nbd2 b4 11. Qe2 Bb7 12. Ne5 Qc7 13. f4 ({Vanker võinuks
c-liinil musta lipu elu põrguks teha.} 13. Rac1 bxc3 14. Rxc3 Qb6 (14... Bxe5
15. Bxe5 Qd8 16. Rb3) (14... Nxd4 15. Qe3 Qb6 16. Nb3) 15. Ndc4 dxc4 16. Nxc4)
13... Ne7 14. Rac1 bxc3 15. bxc3 ({Väga hea oli} 15. Rxc3 Qb6 16. f5 (16. Nb3
O-O (16... Ne4 17. Bxe4 dxe4 18. Nc4 Qd8 19. Nxd6+ Qxd6 20. f5 Qb6 21. fxe6
Qxe6 22. Nc5 Qd5 23. Nxb7 Qxb7 24. Rc7 Qd5 25. Qg4 Qxd4+ 26. Bf2 Qe5 27. Qd7+
Kf8 28. Bd4) 17. Nc5) 16... exf5 17. Rb3 Qc7) 15... Nd7 16. Ndf3 h6 17. Bh4 Nb6
({Viimane aeg oli vangerdus teha} 17... O-O) 18. g4 ({Arvuti kombineerib
variandi} 18. Nxf7 Kxf7 19. Ne5+ Kg8 20. Rb1 Bxe5 21. Qxe5 Qxe5 22. fxe5 Nec8
23. Bd8 {Aga olgem ausad, selliste variantide otsimise peale pole partii ajal
mõtet aega raisata. Valge valitud plaan on loogiline..}) 18... Nc4 19. f5 exf5
20. gxf5 Nxe5 21. dxe5 Bc5+ 22. Nd4 Nc6 23. e6 Qe5 (23... O-O 24. f6) 24. exf7+
Kf8 25. Bf2 ({Variandid a la} 25. Qh5 Nxd4 (25... Qe3+ 26. Kh1) 26. cxd4 Bxd4+
(26... Qxd4+ 27. Bf2) 27. Kg2 Be3 28. Rb1 Bc6 29. Qg6 Rc8 30. Bg3 {nõuaks
täpset arvestust ja külma närvi. Pedmanson valib kindlama käigu, mis
jätab valgele samuti suure ülekaalu.}) 25... Qxe2 26. Bxe2 Kxf7 27. Bh5+ Kf6
28. Rce1 g5 29. Re6+ Kg7 30. Nxc6 1-0

[Event "Est ch 2020 U16"]
[Site "Narva"]
[Date "2020.02.28"]
[Round "4.11"]
[White "Snitsarenko, Igor"]
[Black "Lazojev, Mark"]
[Result "1-0"]
[WhiteElo "1602"]
[BlackElo "1171"]
[PlyCount "55"]
[EventDate "2020.02.27"]
[EventCountry "EST"]
[SourceVersionDate "2020.03.16"]

1. e4 e5 2. Nf3 Nc6 3. d4 exd4 4. Nxd4 Bb4+ 5. c3 Ba5 6. Be3 d6 7. Be2 Nf6 8.
Qc2 O-O 9. Nd2 Re8 10. O-O-O Ng4 11. Bxg4 Bxg4 12. f3 Bh5 13. g4 Bg6 14. h4 f6
15. g5 d5 16. h5 Bf7 17. gxf6 Qxf6 18. Nxc6 bxc6 19. Bd4 Qe6 20. Rdg1 g6 21. e5
Kg7 22. f4 Kf8 23. Bc5+ Kg8 24. f5 Qxe5 25. fxg6 hxg6 26. hxg6 Bb6 27. gxf7+
Kxf7 28. Qg6# 1-0

[Event "Est ch 2020 U16"]
[Site "Narva"]
[Date "2020.02.28"]
[Round "4.12"]
[White "Kull, Tormi"]
[Black "Tõnisson, Trent Asso"]
[Result "1-0"]
[WhiteElo "1523"]
[BlackElo "1580"]
[PlyCount "65"]
[EventDate "2020.02.27"]
[EventCountry "EST"]
[SourceVersionDate "2020.03.16"]

1. e4 c5 2. Nf3 Nc6 3. Nc3 g6 4. Bb5 Bg7 5. O-O e6 6. d3 Nge7 7. Bg5 Qc7 8.
Bxc6 Nxc6 9. Nd2 a6 10. f4 d6 11. f5 b5 12. f6 Bf8 13. a4 Rb8 14. axb5 axb5 15.
Nf3 Nd4 16. Be3 e5 17. Nd5 Qd8 18. Bxd4 cxd4 19. Qd2 Be6 20. Nb4 Rc8 21. Ra7 h5
22. Ng5 Bh6 23. Re7+ Kf8 24. Nxe6+ fxe6 25. Qe1 Rc7 26. Rxe6 Rhh7 27. Qg3 Be3+
28. Kh1 g5 29. Nd5 Bf4 30. Qf2 Ra7 31. g3 Be3 32. Qf5 Qc8 33. Ne7 1-0

[Event "Est ch 2020 U16"]
[Site "Narva"]
[Date "2020.02.28"]
[Round "4.13"]
[White "Pallum, Rasmus"]
[Black "Shnurov, Daniil"]
[Result "0-1"]
[WhiteElo "1159"]
[BlackElo "1558"]
[PlyCount "42"]
[EventDate "2020.02.27"]
[EventCountry "EST"]
[SourceVersionDate "2020.03.16"]

1. e4 c6 2. Nc3 d5 3. Nf3 Nf6 4. exd5 cxd5 5. Bb5+ Bd7 6. Bxd7+ Nbxd7 7. d4 e6
8. Be3 Bb4 9. O-O Bxc3 10. bxc3 Rc8 11. Rb1 Nb6 12. Rb3 Ne4 13. Bd2 Qe7 14. Qe2
O-O 15. Rfb1 Rc7 16. Qe3 Rfc8 17. Ne1 Nc4 18. Qd3 Ncxd2 19. f3 Nxb1 20. fxe4
dxe4 21. Qxe4 Nd2 0-1

[Event "Est ch 2020 U16"]
[Site "Narva"]
[Date "2020.02.28"]
[Round "4.14"]
[White "Luik, Ott-Robert"]
[Black "Rodin, Robert"]
[Result "1-0"]
[WhiteElo "1149"]
[BlackElo "1178"]
[PlyCount "99"]
[EventDate "2020.02.27"]
[EventCountry "EST"]
[SourceVersionDate "2020.03.16"]

1. e4 e5 2. Nf3 Nc6 3. Bb5 d6 4. Bxc6+ bxc6 5. d4 exd4 6. Nxd4 Bd7 7. O-O Be7
8. Nc3 Nf6 9. f3 O-O 10. Bg5 h6 11. Bh4 c5 12. Nde2 c6 13. Bxf6 Bxf6 14. Qxd6
Qe7 15. Qxe7 Bxe7 16. Rfd1 Be6 17. Nf4 Bc4 18. b3 Ba6 19. Na4 Rfd8 20. c4 Kf8
21. Nd3 Bc8 22. Ndxc5 Ke8 23. Rxd8+ Bxd8 24. Rd1 Be7 25. Nd3 f6 26. Ndc5 Rb8
27. Kf2 g6 28. h3 Bf8 29. Ke3 h5 30. f4 Ke7 31. Kf3 h4 32. Nd3 Be6 33. Nac5 Bf7
34. e5 g5 35. exf6+ Kxf6 36. Nd7+ Kf5 37. Nxb8 Bh5+ 38. Ke3 gxf4+ 39. Nxf4 Bxd1
40. Nxc6 a5 41. Nd4+ Kf6 42. Kd2 Bh6 43. Kxd1 Bxf4 44. Nf3 Bg3 45. a3 Ke7 46.
b4 axb4 47. axb4 Kd6 48. Ke2 Kc6 49. Ke3 Be1 50. Nxe1 1-0

[Event "Est ch 2020 U16"]
[Site "Narva"]
[Date "2020.02.28"]
[Round "4.15"]
[White "Desjatnikov, Svetoslav"]
[Black "Karis, Fredi"]
[Result "1/2-1/2"]
[WhiteElo "1108"]
[BlackElo "1013"]
[PlyCount "57"]
[EventDate "2020.02.27"]
[EventCountry "EST"]
[SourceVersionDate "2020.03.16"]

1. e4 c5 2. Nf3 Nc6 3. Nc3 e6 4. d4 d5 5. Bb5 Bd7 6. exd5 exd5 7. Qe2+ Qe7 8.
Qxe7+ Ngxe7 9. Ne5 cxd4 10. Nxd7 Kxd7 11. Ne2 g6 12. O-O Bg7 13. Rb1 a6 14. Ba4
b5 15. Bb3 a5 16. a3 Rhe8 17. Nf4 a4 18. Bxd5 Nxd5 19. Nxd5 Kd6 20. Nf4 b4 21.
Bd2 Rab8 22. h3 b3 23. Rfc1 g5 24. Nd3 Re2 25. Bb4+ Nxb4 26. Nxb4 g4 27. cxb3
d3 28. Rd1 d2 29. Kf1 1/2-1/2

[Event "Est ch 2020 U16"]
[Site "Narva"]
[Date "2020.02.29"]
[Round "5.1"]
[White "Aga, Rihard"]
[Black "Pedoson, Georg Aleksander"]
[Result "0-1"]
[WhiteElo "2054"]
[BlackElo "2160"]
[PlyCount "112"]
[EventDate "2020.02.27"]
[EventCountry "EST"]
[SourceVersionDate "2020.03.16"]

1. d4 Nf6 2. c4 g6 3. Nc3 Bg7 4. e4 d6 5. f3 O-O 6. Be3 c5 {Etturiohver, mille
vastuvõtmise järel saab must üllatavalt hea vastumängu.} 7. dxc5 ({
Üldiselt eelistatakse} 7. Nge2) 7... dxc5 8. Qxd8 Rxd8 9. Bxc5 Nc6 10. Nge2 (
10. Nd5 Nd7 11. Bxe7 Nxe7 12. Nxe7+ Kf8 13. Nd5 Bxb2 14. Rb1 Be5 15. Nh3 Nc5
16. Nf2 {1/2 (16) So,W (2765)-Saric,I (2655) chess.com INT 2020}) 10... Nd7 (
10... b6 11. Ba3 Bb7 12. Nd5 e6 13. Ne7+ Nxe7 14. Bxe7 Rd7 15. Ba3 Rad8 16. Nc3
Nh5 17. g3 f5 18. Be2 Nf6 19. exf5 gxf5 20. Kf2 Ng4+ 21. fxg4 Bd4+ 22. Kf1 Bxh1
23. gxf5 Rf7 24. g4 exf5 25. g5 f4 26. Bg4 f3 27. Bh3 Bxc3 28. bxc3 Rd2 29. Be6
Bg2+ 30. Ke1 Re2+ {0-1 (30) Salgado Lopez,I (2605)-Xu,Y (2555) Moscow 2019})
11. Ba3 Nde5 12. Nf4 Nd4 (12... e6) (12... b6) 13. O-O-O Bh6 14. g3 Nec6 (14...
e6 15. Nb5 (15. Kb1 Rd7 16. Nfd5 exd5 17. Rxd4 dxc4 18. Rxd7 Bxd7 19. f4 Nd3
20. Bxd3 cxd3 21. Rd1 Bc6 22. Rxd3 f6 23. Bc5 Kf7 24. b4 b6 25. Rd6 Be8 26. Bd4
Ke7 27. e5 fxe5 28. Bxe5 Bf8 29. Nd5+ Kf7 30. Rf6+ Kg8 31. Re6 Bd7 32. Rf6 Bf5+
33. Kb2 Rd8 34. Ne3 Bd7 35. Nd5 Bf5 36. Ne3 {1/2 (36) Murey,J (2530)-Mohr,G 
(2435) Lyon 1993}) 15... Nexf3 16. e5 Rd7 17. Nxd4 Nxd4 18. Bd3 Nf3 19. Bd6 Bg7
20. c5 Nxe5 21. Bb5 Nc6 22. Rhe1 Rd8 23. Bc7 Rxd1+ 24. Rxd1 Nd4 25. Ne2 e5 26.
Nxd4 exd4 27. c6 a6 28. Ba4 bxc6 29. Bxc6 Bh6+ 30. Bf4 Bxf4+ 31. gxf4 Ra7 32.
Rxd4 Rc7 33. Rc4 {0-1 (33) Ilczuk,P (2255)-Zezulkin,J (2465) Koszalin 1997})
15. Kb1 e5 16. Nfd5 Nxf3 17. b3 Be6 18. Bg2 Nfd4 19. Rhf1 Rac8 20. Be7 Bxd5 21.
Bxd8 (21. Nxd5 Rxd5 22. exd5 Nxe7 23. Rfe1 Kf8 (23... Bg7 24. Rxd4) 24. Rxe5
Bg7 25. Re4 Ndf5 {võrdsete võimalustega.}) 21... Bxc4 22. bxc4 Nxd8 {
Kvaliteediohver on täiesti korrektne, mustal on hea vastumäng ja kaks
etturit.} 23. Nb5 N8e6 (23... Rxc4) 24. Rf2 (24. Bh3) 24... Rxc4 25. Bf1 Nxb5
26. Bxc4 Na3+ 27. Kb2 Nxc4+ 28. Kc3 Nb6 {Kolm kerget vigurit + 2 etturit
teevad siin kahele valgele vankrile kindlalt ära. Musta domineerimine tervel
laual on nauditav.} 29. Rb1 Be3 30. Re2 Bd4+ 31. Kd2 Nc5 32. Rb4 Nba4 33. Rc4
b5 34. Rc1 b4 35. Rc4 a5 36. h4 Nc3 37. Re1 Nxa2 38. Rb1 Nc3 39. Re1 N3xe4+ 40.
Kd1 b3 41. h5 gxh5 42. g4 hxg4 {Must on vahepeal võitnud 4 etturit...} 43. Rf1
a4 44. Re1 a3 45. Rb4 a2 46. Ke2 b2 47. Rb8+ Kg7 48. Ra8 Nc3+ 49. Kf1 b1=Q 50.
Rxa2 Qf5+ 51. Kg2 Qf3+ 52. Kh2 Qf4+ 53. Kh1 N5e4 54. Rg2 Ng3+ 55. Kh2 Qh6+ 56.
Kxg3 Qh3# 0-1

[Event "Est ch 2020 U16"]
[Site "Narva"]
[Date "2020.02.29"]
[Round "5.2"]
[White "Rytshagov, Nikita"]
[Black "Protassov, Vlad"]
[Result "1/2-1/2"]
[WhiteElo "1837"]
[BlackElo "1913"]
[PlyCount "24"]
[EventDate "2020.02.27"]
[EventCountry "EST"]
[SourceVersionDate "2020.03.16"]

1. e4 c6 2. d4 d5 3. e5 c5 4. dxc5 e6 5. Nf3 Bxc5 6. Bd3 Nc6 7. O-O Nge7 8.
Nbd2 Ng6 9. Nb3 Be7 10. Qe2 O-O 11. c3 f5 12. Nbd4 a6 1/2-1/2

[Event "Est ch 2020 U16"]
[Site "Narva"]
[Date "2020.02.29"]
[Round "5.3"]
[White "Olde, Karl Erik"]
[Black "Pedmanson, Albert"]
[Result "1-0"]
[WhiteElo "1752"]
[BlackElo "1736"]
[PlyCount "79"]
[EventDate "2020.02.27"]
[EventCountry "EST"]
[SourceVersionDate "2020.03.16"]

1. d4 Nf6 2. c4 e6 3. Nf3 d5 4. e3 b6 5. Nc3 Bb7 6. cxd5 exd5 7. Ne5 a6 8. Be2
Nbd7 9. Nxd7 Qxd7 10. O-O Bd6 11. Bd2 O-O 12. Rc1 Rac8 13. Qb3 Ne4 14. Nxe4
dxe4 15. Bb4 c5 16. dxc5 bxc5 17. Ba3 Rfd8 18. g3 Qe7 19. Bc4 Rb8 20. Qc2 Bc8
21. Rfd1 Bh3 22. Bxa6 h5 23. Be2 h4 24. Bf1 Bg4 25. Rd2 hxg3 26. hxg3 g6 27.
Bg2 Bf3 28. Rd5 c4 29. Bxd6 Rxd6 30. Qxc4 Rxd5 31. Qxd5 Rxb2 32. Rc8+ Kh7 33.
Qd4 Rb1+ 34. Kh2 f6 35. Bxf3 Rf1 36. Kg2 Qb7 37. Bxe4 Rxf2+ 38. Kxf2 Qxc8 39.
Qxf6 Qg8 40. Qxg6+ 1-0

[Event "Est ch 2020 U16"]
[Site "Narva"]
[Date "2020.02.29"]
[Round "5.4"]
[White "Rikas, Artur"]
[Black "Andrijashkin, Deniss"]
[Result "0-1"]
[WhiteElo "1566"]
[BlackElo "1946"]
[PlyCount "58"]
[EventDate "2020.02.27"]
[EventCountry "EST"]
[SourceVersionDate "2020.03.16"]

1. e4 e5 2. Nf3 Nc6 3. Bc4 Bc5 4. O-O Nf6 5. d4 exd4 6. e5 d5 7. exf6 dxc4 8.
Re1+ Be6 {Igivana variant. Mõned igivanad partiid...} 9. fxg7 (9. Ng5 Qd5 10.
Nc3 Qf5 11. Nce4 Bb6 12. Ng3 (12. fxg7 Rg8 13. g4 Qg6 14. Nxe6 fxe6 15. Bg5
Rxg7 (15... h6 16. Qf3 hxg5 17. Nf6+ Kf7 18. Rxe6 Kxe6 19. Re1+ Ne5 20. Qd5+ {
1-0 (20) Miles,A-Nunn,J Rhyl/ Denbighshire 1969}) 16. Qf3 e5 17. Nf6+ Kf7 18.
h4 h6 19. Ne4+ Ke6 20. h5 Qf7 21. Bf6 Rgg8 22. Qf5+ Kd5 23. b3 Rxg4+ 24. Qxg4
Rg8 25. bxc4+ Kxc4 26. Bg5 hxg5 27. Qg3 Na5 28. Qxe5 {1-0 (28) Chigorin,
M-Teichmann,R London 1899}) 12... Qg6 13. Nxe6 fxe6 14. Rxe6+ Kd7 15. Nh5 Rhe8
16. Nf4 Qf7 17. Qf3 Rad8 18. Bd2 gxf6 19. Rae1 Rxe6 20. Nxe6 Re8 21. Ng5 Rxe1+
22. Bxe1 Qe7 23. Qf5+ Kd8 24. Bd2 Qe2 25. Qxf6+ Ne7 26. h4 d3 27. Nf7+ Kc8 28.
Qh8+ Kd7 29. Qd8+ Ke6 30. Ng5+ Kf5 31. Qf8+ {1-0 (31) Chigorin,M-Charousek,R
Budapest 1896}) 9... Rg8 10. Ng5 Qe7 (10... Qd5 11. Nc3 (11. Qh5 O-O-O 12. Qxh7
Bf5 13. Qh6 Bxc2 14. Nh7 Bxh7 15. Qxh7 Nb4 16. b3 c3 17. a3 Nc6 18. b4 Be7 19.
Re2 Qb3 20. Qd3 Rxg7 21. Bh6 Rg6 22. Nd2 Qd5 23. Qh3+ Qd7 {0-1 (23) Gunsberg,
I-Marco,G Monte Carlo 1904}) 11... Qf5 12. Nce4 Be7 13. Ng3 Qg6 14. Nxe6 fxe6
15. Qe2 O-O-O 16. Qxe6+ Qxe6 17. Rxe6 d3 18. cxd3 cxd3 19. Nf5 d2 20. Bxd2 Bf8
21. Bc3 Bxg7 22. Nxg7 Nd4 23. Re7 c5 24. Kf1 Nc6 25. Rf7 Rd6 26. Re1 Nd8 27.
Rfe7 Rg6 28. g3 Nc6 29. Re8+ Rxe8 30. Rxe8+ Kd7 31. Rh8 {1-0 (31) Paulsen,
L-Schwengers,P Duesseldorf 1862}) 11. Na3 ({Miks mitte} 11. Nxe6 fxe6 12. Qh5+
Kd7 13. Bh6) 11... Bxa3 12. bxa3 Rxg7 13. Nxe6 fxe6 14. Qh5+ Kd7 (14... Rg6 15.
Qb5 O-O-O 16. Rb1 Rf8 {järel valge ei saagi etturit võtta} 17. Qxb7+ Kd7 {
[%cal Rf8b8] ning valge ei suuda kuningatiiva kaitset organiseerida} 18. Bd2 (
18. Qa6 Rxf2 19. Kxf2 Qh4+) 18... Qh4 19. Re2 (19. g3 Rxf2 20. Kxf2 Qxh2+)
19... Rxg2+ 20. Kxg2 Rg8+ 21. Kh1 Qg4) 15. Qb5 Rf8 16. Bh6 Rxg2+ ({Miks mitte} 
16... Rf5 17. Qxf5 (17. Qxc4 Rg6 18. Bd2 Qh4 19. g3 Rxf2) 17... exf5 18. Rxe7+
Rxe7) 17. Kxg2 Rg8+ 18. Kh3 ({Halb on} 18. Kf1 Qh4) ({kuid} 18. Kh1 {järel
matti pole} Qf7 (18... Qf6 19. Qh5 Rg6 20. Bd2 c3 21. Bxc3 dxc3 22. Qxh7+ Kc8
23. Re3) 19. f4) 18... Qf6 19. Qh5 Qxf2 ({Märksa tugevam oli} 19... Rg6 20.
Bd2 c3) 20. Re2 Qf6 21. Rg2 Rg6 22. Rxg6 hxg6 23. Qg4 d3 24. Rd1 Ne5 25. Qf4
Qh8 26. Kg3 g5 27. Bxg5 Qh5 28. Re1 Nf3 {ja partii lõpetas "lipuohver"} 29.
Qd4+ Nxd4 0-1

[Event "Est ch 2020 U16"]
[Site "Narva"]
[Date "2020.02.29"]
[Round "5.5"]
[White "Sadekov, Maksim"]
[Black "Nikitin, Arseni"]
[Result "1/2-1/2"]
[WhiteElo "1664"]
[BlackElo "1680"]
[PlyCount "32"]
[EventDate "2020.02.27"]
[EventCountry "EST"]
[SourceVersionDate "2020.03.16"]

1. d4 d5 2. c4 c6 3. Nc3 Nf6 4. Nf3 Ne4 5. e3 e6 6. Bd3 f5 7. Ne5 Qg5 8. O-O
Bd6 9. f4 Nxc3 10. bxc3 Qf6 11. Nf3 O-O 12. Qb3 Qe7 13. a4 h6 14. Ba3 Bxa3 15.
Qxa3 Qxa3 16. Rxa3 Nd7 1/2-1/2

[Event "Est ch 2020 U16"]
[Site "Narva"]
[Date "2020.02.29"]
[Round "5.6"]
[White "Krivenko, Dion"]
[Black "Pedmanson, Herman"]
[Result "0-1"]
[WhiteElo "1935"]
[BlackElo "1741"]
[PlyCount "86"]
[EventDate "2020.02.27"]
[EventCountry "EST"]
[SourceVersionDate "2020.03.16"]

1. e4 c6 2. Ne2 d5 3. e5 e6 4. d4 c5 5. c3 Nc6 6. g3 Nge7 7. Bh3 g6 8. O-O Nf5
9. Bxf5 gxf5 10. Be3 Bd7 11. Nd2 c4 12. b3 b5 13. Nf4 Qa5 14. b4 Qa3 15. Nb3 a5
16. Bc1 Qa4 17. Nxa5 Qxd1 18. Rxd1 Nxa5 19. bxa5 Rxa5 20. Nh5 Be7 21. Bh6 Kd8
22. Bg7 Rg8 23. Bf6 Bc6 24. Rd2 Ra3 25. Rc1 Kd7 26. Bxe7 Kxe7 27. Rb2 Rga8 28.
Rcc2 R8a4 29. Nf6 h6 30. g4 fxg4 31. Ng8+ Kf8 32. Nxh6 b4 33. cxb4 Bb5 34. Nxg4
Rd3 35. h4 Rxd4 36. f3 Rd1+ 37. Kh2 d4 38. h5 c3 39. h6 Bd3 40. Rg2 cxb2 41.
Nf6 Rd2 42. Rxd2 b1=Q 43. Rg2 Rxa2 0-1